| 000 | 00000nam##2200000za#4500 |
| 001 | 9.679712 |
| 003 | CaOODSP |
| 005 | 20200328193137 |
| 007 | ta |
| 008 | 150407|1996||||xxc||||| f|0| 0 fre|d |
| 020 | |a0-662-80832-0 |
| 040 | |aCaOODSP|bfre |
| 043 | |an-cn--- |
| 086 | 1 |aH49-102/1995F |
| 110 | 1 |aCanada.|bSanté Canada. |bDirection générale de la protection de la santé. |
| 245 | 10|aRapport de la Conférence consensuelle nationale sur la sécurité des organes et des tissus destinés aux greffes : |bdu 29 au 31 octobre 1995 |
| 260 | |aOttawa - Ontario : |bSanté Canada. |c1996. |
| 300 | |a56p. : |bfigure ; |c28 cm. |
| 500 | |a«Le but de cette conférence était d'en venir à une entente sur les méthodes qui aident à réduire les risques de transmission de la maladie par les organes et les tissus destinés aux greffes.»--Sommaire de direction. |
| 520 | 3 |aLe but de cette conférence était d'en venir à une entente sur les méthodes qui aident à réduire les risques de transmission de la maladie par les organes et les tissus destinés aux greffes.--Sommaire de direction |
| 563 | |aCouverture souple |
| 590 | |a96-12|b1996-03-22 |
| 691 | 07|aTransplantation d'organes|2gcpds |
| 775 | 08|tReport of the National Consensus Conference on the Safety of Tissues and Organs for Transplantation : |w(CaOODSP)9.646125 |
| 776 | 0#|tRapport de la Conférence consensuelle nationale sur la sécurité des organes et des tissus destinés aux greffes |w(CaOODSP)9.639547 |